|
|
|
|
| LEADER |
00000nam0a2200000 4500 |
| 001 |
292241 |
| 005 |
20231102000456.0 |
| 035 |
|
|
|a (RuTPU)RU\TPU\book\316856
|
| 035 |
|
|
|a RU\TPU\tpu\1951
|
| 090 |
|
|
|a 292241
|
| 100 |
|
|
|a 20150421d1932 k y0rusy50 ca
|
| 101 |
0 |
|
|a rus
|
| 102 |
|
|
|a RU
|
| 105 |
|
|
|a a z 000zy
|
| 200 |
1 |
|
|a Петрографическое исследование пластов I внутреннего и II внутреннего Прокопьевского месторождения Кузбасса
|f И. И. Аммосов
|
| 210 |
|
|
|a Новосибирск
|a Москва
|c Госгорнаучтехиздат
|d 1932
|
| 215 |
|
|
|a 54 с.
|c ил.
|
| 225 |
1 |
|
|a Труды научно-исследовательского угольного института "Кузбассугля"
|v Сер. Г, вып. 5
|
| 316 |
|
|
|5 63413507: 263//516
|a На титульном листе дарственная надпись: "Глубокоуважаемому Аркадию Валериановичу Лаврскому. 26-VIII-32 г. И. Аммосов"
|
| 316 |
|
|
|5 63413507: КР-7120
|a На обложке печать Геологического кабинета Томского Индустриального Института
|
| 317 |
|
|
|5 63413507: 263//516
|a Поступил в НТБ в 1945 г. в составе книжного собрания профессора ТПИ А. В. Лаврского
|
| 317 |
|
|
|5 63413507: КР-7120
|a Поступил в НТБ в 2004 г. в составе книжного собрания кафедры общей геологии
|
| 320 |
|
|
|a Библиогр.: с. 43-46 (121 назв.)
|
| 606 |
1 |
|
|a Петрография
|y Сибирь
|2 stltpush
|3 (RuTPU)RU\TPU\subj\72138
|9 85723
|
| 606 |
1 |
|
|a Угольные месторождения
|y Кемеровская область
|2 stltpush
|3 (RuTPU)RU\TPU\subj\74858
|9 86826
|
| 610 |
1 |
|
|a геолого-географические науки
|
| 610 |
1 |
|
|a труды учёных ТПУ
|
| 610 |
1 |
|
|a Коллекция А. В. Лаврского
|
| 610 |
1 |
|
|a дарственные надписи
|
| 610 |
1 |
|
|a дары автора
|
| 610 |
1 |
|
|a Коллекция кафедры общей геологии
|
| 610 |
1 |
|
|a дары библиотеке
|
| 675 |
|
|
|a 552(57)
|v 3
|
| 675 |
|
|
|a 553.94(571)
|v 3
|
| 700 |
|
1 |
|a Аммосов
|b И. И.
|
| 801 |
|
0 |
|a RU
|b 63413507
|c 20011210
|g PSBO
|
| 801 |
|
2 |
|a RU
|b 63413507
|c 20220215
|g PSBO
|
| 942 |
|
|
|c BK
|